Dopady strukturálních změn pivovarského odvětví v České republice na marketingový mix pivovarů

Historický vývoj pivovarníckeho odvetvia v Českej republike. Štrukturálne zmeny pivovarníckeho odvetvia v rokoch 1994-2014. Produktový mix v pivovarníckom priemysle.

Saved in:
Bibliographic Details
Main Author: Smělíková, Edita
Format: Book Chapter
Language:Czech
Subjects:
Tags: Add Tag
No Tags, Be the first to tag this record!

MARC

LEADER 00000naa a2200000 4500
001 0200313
005 20220713131038.2
041 0 |a cze 
044 |a CZ 
245 1 0 |a Dopady strukturálních změn pivovarského odvětví v České republice na marketingový mix pivovarů  |c Edita Smělíková 
520 |a Historický vývoj pivovarníckeho odvetvia v Českej republike. Štrukturálne zmeny pivovarníckeho odvetvia v rokoch 1994-2014. Produktový mix v pivovarníckom priemysle. 
610 2 0 |a zmeny štruktúrne 
610 2 0 |a priemysel pivovarnícky 
610 2 0 |a marketing 
610 2 0 |a Česko 
610 2 0 |a marketing mix 
610 2 0 |a história 
610 2 0 |a pivo 
100 1 |a Smělíková, Edita